000 00238nam a2200097Ia 4500
008 230915s9999 xx 000 0 und d
050 _aQE.28.2.H65 1978
100 _aHOLME A.
245 0 _aHOLMES PRINCIPLE OF PHYSICAL GEOLOGY
942 _cBK
999 _c62860
_d62860